01579 a2200181 45000010006000000050017000060080041000230030015000640400040000790800022001192450095001410200018002362640056002543000019003105050854003291000033011838560181012162235420260407155513.0260407a1992 arg spa dAR-UNSa-BCEJYS aAR-UNSa-BCEJYSbspacAR-UNSa-BCEJYS a657xContabilidad10aElección contable y sus efectos económicospcontraste empiricos en la banca española a84-476-0014-9 1aMadrid :bMinisterio de Economía y Haciendac1992 a356 p.c24 cm. aParte I: Teoría positiva de la contabilidad : 1. El paradigma de utilidad - 2. Teoría positiva de la contabilidad - 3. Información contable y mercado de capitales - 4. Efectos económicos de los cambios contables - Parte II: El bancario español : 5. El sector bancario español - Parte III: La elección de criterios contables en la banca española: 6. Determinantes de la elección de criterios contables - 7. Estudio empírico de la contabilización de los compromisos por complementos de pensiones en la banca española - Parte IV: Reacción del precio de las acciones a las normas contables en la banca española: 8. Determinantes de la reacción del precio de las acciones a los cambios contables - 9. Estudio empirico de las reacción del precio de las acciones a las normas sobre provisión de insolvencias y riesgo-pais.1 aArcas Pellicer, María Jose41uhttps://biblioeco.unsa.edu.ar/pmb/images/libros/Eleccion contable y sus efectos economicos, Contrastes empiricos en la banca Espa?ola-l119500.jpgyImagen de portadaqimage/jpeg